| 000 | 00748nam a2200241 i 4500 | ||
|---|---|---|---|
| 001 | 27788 | ||
| 003 | BD-RjUL | ||
| 005 | 20211209051212.0 | ||
| 008 | 140327s1975 ii b b 00110 eng d | ||
| 035 | _a(BD-RjUL)27867 | ||
| 040 |
_aDLC _beng _cDLC _dBD-RjUL |
||
| 041 | _aeng | ||
| 082 | 0 | 0 |
_a954.6035 _bGHK 1975 |
| 100 | 1 | 0 |
_aGhose, Dilip Kumar. _985306 |
| 245 | 1 | 0 |
_aKashmir in transition, 1885-1893 / _cDilip Kumar Ghose. |
| 260 | 0 |
_aCalcutta : _bWorld Press, _c1975. |
|
| 300 |
_axv, 261 p. : _bmap ; _c22 cm. |
||
| 500 | _aOriginally presented as the author's thesis, University of London, 1963. | ||
| 504 | _aBibliography: p. 232-256. and index. | ||
| 651 | 0 |
_aKashmir _xHistory. _985307 |
|
| 942 |
_2ddc _cBK |
||
| 999 |
_c27788 _d27788 |
||